| 000 | 00522cam a2200145 i 4500 | ||
|---|---|---|---|
| 082 | 0 | 0 |
_a355.009 _bGUI _cL-30-11 P-52 |
| 245 | 0 | 2 |
_aA Guide to the study and use of military history / _c[edited by] John E. Jessup, Jr. & Robert W. Coakley. |
| 260 |
_aRawalpindi _bArmy Education Press _c1981 |
||
| 300 |
_a 167 p. : _bill. ; _c20 cm. |
||
| 526 |
_a0 _b0 _c0 _d355_009000000000000_GUI |
||
| 526 |
_a0 _b0 _c0 _d355_009000000000000_GUI |
||
| 650 | 0 |
_aMilitary history. _91735 |
|
| 710 | 2 |
_aMilitary History. _948615 |
|
| 942 |
_2ddc _cBK |
||
| 999 |
_c551488 _d551488 |
||